| 000 | 00560nam a2200181 i 4500 | ||
|---|---|---|---|
| 001 | 73976 | ||
| 003 | ES-MaACL | ||
| 005 | 20251009063052.0 | ||
| 007 | t| | ||
| 008 | 040914s1913 ag ||||1| spa d | ||
| 100 | 1 |
_aGonzález, Joaquín V., _d1863-1923 _958329 |
|
| 245 | 1 | 3 |
_aEl juicio del siglo o Cien años de historia argentina / _cpor Joaquín V. González. |
| 260 |
_aBuenos Aires : _b[Tragaut], _c1913. |
||
| 300 |
_a298 p. ; _c19 cm. |
||
| 740 | 0 | _aCien años de historia argentina. | |
| 852 |
_aES-MaACL _jD-1913 |
||
| 999 |
_c73976 _d73976 |
||